| 000 | 01082cas a22003017ar4500 | ||
|---|---|---|---|
| 005 | 20220329142042.0 | ||
| 008 | 990428d1980 po a p rnn uub1eng d | ||
| 010 | _a77646 | ||
| 011 | _a78618 | ||
| 022 | 0 | _a0208-5755 | |
| 035 | _a88633 | ||
| 245 | 0 | 0 |
_aAnnals of Warsaw Agricultural University SGGW-AR : _bFood Technology and Nutrition _c/by Warsaw Agricultural University |
| 260 |
_aWarsaw, Poland : _bWarsaw Agricultural University Press, _c1980- |
||
| 300 | _av. | ||
| 362 | _an.16, 1984 | ||
| 500 | _aContiene resúmenes en polaco | ||
| 500 | _aSe dejó de recibir a partir del n.16, 1986 | ||
| 590 |
_aBATCH-UPD _b10 _c20130110 _lUCH01 _h0621 |
||
| 590 |
_aBATCH-UPD _b10 _c20130410 _lUCH01 _h0304 |
||
| 590 |
_aBATCH-UPD _b10 _c20130914 _lUCH01 _h0154 |
||
| 590 |
_aCONVERSION _b10 _c20130109 _lUCH01 _h1343 |
||
| 650 | 1 | 4 |
_aAlimentos _xTecnología _xPublicaciones periódicas. _94292 |
| 650 | 1 | 4 |
_aNutrición _xPublicaciones periódicas. _982268 |
| 780 | _tZeszyty Naukowe SGGW | ||
| 866 | _an.15-16 (1984-1986) | ||
| 901 | _aSE | ||
| 905 | _aMa. del Socorro Iturbe C. | ||
| 999 |
_c77646 _d77646 |
||